000 004510000a22001570004500
020 _a978-1-904364-68-9
082 0 4 _aMat. Bibliografico para coordinación C323c
100 1 _aCarter, Isabel
245 1 0 _aCómo buscar justicia para todos / Isabel Carter ; Ruth Alvarado ; Alfonso Wieland ; ilustración Rod Mill
260 _aInglaterra : Terafund
300 _a64 P.
440 0 _aPilares
650 1 4 _aInjusticia
001 1841
942 _cLGB
999 _c48995
_d48995